[Event "Chigorin Memorial 29th"]
[Site "St Petersburg"]
[Date "2022.10.26"]
[Round "5"]
[White "Gordon, Evgeny"]
[Black "Petrov, Maksim"]
[Result "1-0"]
[WhiteElo "1969"]
[BlackElo "1617"]
[PlyCount "81"]
[EventDate "2022.10.22"]
[EventType "swiss"]
[EventRounds "9"]
[EventCountry "RUS"]
[SourceTitle "EXT 2024"]
[Source "ChessBase"]
[SourceDate "2023.10.10"]
[SourceVersion "1"]
[SourceVersionDate "2023.10.10"]
[SourceQuality "1"]

1. d4 d5 2. Nf3 Nf6 3. c4 dxc4 4. e3 e6 5. Bxc4 a6 6. 0-0 b5 7. Be2 Bb7 8. a4 b4 9. Nbd2 Nbd7 10. Nc4 c5 11. Nfe5 cxd4 12. exd4 Nxe5 13. dxe5 Qxd1 14. Rxd1 Ne4 15. Be3 Be7 16. f3 Nc5 17. Nd6+ Bxd6 18. Rxd6 Nd7 19. f4 Ke7 20. Rad1 Rhd8 21. a5 Bd5 22. Rc1 Rdc8 23. Rxc8 Rxc8 24. Bxa6 Rc2 25. Bb5 Nf6 26. g3 g5 27. Bb6 Ng4 28. Rd7+ Kf8 29. Rxd5 exd5 30. a6 Rxb2 31. a7 Ra2 32. Bc6 b3 33. Bxd5 Ra1+ 34. Kg2 b2 35. Be4 gxf4 36. gxf4 Ke7 37. h3 Nh6 38. f5 f6 39. Bc5+ Kf7 40. e6+ Kg7 41. e7 1-0

[Event "Chigorin Memorial 29th"]
[Site "St Petersburg"]
[Date "2022.10.25"]
[Round "4"]
[White "Petrov, Maksim"]
[Black "Chetverik, Maxim"]
[Result "1/2-1/2"]
[WhiteElo "1617"]
[BlackElo "2070"]
[PlyCount "66"]
[EventDate "2022.10.22"]
[EventType "swiss"]
[EventRounds "9"]
[EventCountry "RUS"]
[SourceTitle "EXT 2024"]
[Source "ChessBase"]
[SourceDate "2023.10.10"]
[SourceVersion "1"]
[SourceVersionDate "2023.10.10"]
[SourceQuality "1"]

1. d4 f5 2. h3 d5 3. Bf4 Nf6 4. c4 e6 5. e3 c6 6. Nc3 Be7 7. Nf3 0-0 8. Qc2 Ne4 9. Bd3 Nd7 10. g4 Ndf6 11. Ne5 Qa5 12. f3 Nxc3 13. bxc3 Nd7 14. h4 Nxe5 15. Bxe5 b6 16. Rb1 Ba6 17. gxf5 dxc4 18. Be4 exf5 19. Bxf5 Rxf5 20. Qxf5 Qxc3+ 21. Ke2 Qd3+ 22. Qxd3 cxd3+ 23. Kd2 Rf8 24. f4 Bc4 25. Rhg1 Rf7 26. Kc3 b5 27. Rg4 Bxa2 28. Rbg1 Kf8 29. Kxd3 Bc4+ 30. Ke4 Bd5+ 31. Kd3 Bc4+ 32. Ke4 Bd5+ 33. Kd3 Bc4+ 1/2-1/2

[Event "IPCA Wch 20th"]
[Site "Torrevieja"]
[Date "2021.10.23"]
[Round "6"]
[White "Petrov, Maksim"]
[Black "Anfinogenov, Artem"]
[Result "0-1"]
[WhiteElo "1568"]
[BlackElo "2032"]
[PlyCount "64"]
[EventDate "2021.10.18"]
[EventType "swiss"]
[EventRounds "9"]
[EventCountry "ESP"]
[SourceTitle "EXT 2023"]
[Source "ChessBase"]
[SourceDate "2022.10.05"]
[SourceVersion "1"]
[SourceVersionDate "2022.10.05"]
[SourceQuality "1"]

1. d4 Nf6 2. c4 e6 3. Nc3 Bb4 4. f3 c5 5. d5 b5 6. e4 0-0 7. Bg5 Re8 8. dxe6 Rxe6 9. cxb5 Nxe4 10. Bxd8 Nxc3+ 11. Kf2 Nxd1+ 12. Rxd1 Re8 13. Bc4 d5 14. Bxd5 Rxd8 15. Bxf7+ Kxf7 16. Rxd8 Nd7 17. Nh3 Ba5 18. Rh8 h6 19. g4 Nf8 20. Nf4 Bc7 21. Nd5 Ba5 22. Nf4 Bd7 23. a4 Be8 24. h4 Bd2 25. Nd5 Rd8 26. Nc7 Rc8 27. Nxe8 Rxe8 28. Rd1 Be3+ 29. Kg3 g6 30. g5 h5 31. Rd6 Bd4 32. Rh6 Be5+ 0-1

[Event "IPCA Wch 20th"]
[Site "Torrevieja"]
[Date "2021.10.20"]
[Round "3"]
[White "Petrov, Maksim"]
[Black "Tsapalin, Sergey"]
[Result "0-1"]
[WhiteElo "1568"]
[BlackElo "1981"]
[PlyCount "90"]
[EventDate "2021.10.18"]
[EventType "swiss"]
[EventRounds "9"]
[EventCountry "ESP"]
[SourceTitle "EXT 2023"]
[Source "ChessBase"]
[SourceDate "2022.10.05"]
[SourceVersion "1"]
[SourceVersionDate "2022.10.05"]
[SourceQuality "1"]

1. e4 c5 2. Nc3 d6 3. Bc4 Nf6 4. d3 Nc6 5. f4 e6 6. Nf3 d5 7. Bb3 Be7 8. 0-0 0-0 9. Qe1 dxe4 10. dxe4 Nd4 11. Be3 Ng4 12. Bxd4 cxd4 13. Rd1 Qb6 14. Na4 Qc7 15. Nxd4 e5 16. fxe5 Qxe5 17. Nf3 Qc7 18. Qc3 Qxc3 19. Nxc3 Bc5+ 20. Kh1 Ne3 21. Ng5 Nxf1 22. Rxf1 Be6 23. Nxe6 fxe6 24. Bxe6+ Kh8 25. Rf5 Rxf5 26. Bxf5 Rf8 27. Na4 g6 28. Nxc5 gxf5 29. e5 Rc8 30. Nxb7 Rxc2 31. Kg1 Rxb2 32. Nd6 Kg7 33. Nxf5+ Kf7 34. a3 Ke6 35. Nd4+ Kd5 36. Nf3 h6 37. h3 Ra2 38. g4 Rxa3 39. Kf2 a5 40. h4 Ke4 41. Nd2+ Kd5 42. Nf3 a4 43. g5 hxg5 44. hxg5 Rxf3+ 45. Kxf3 Kxe5 0-1

[Event "IPCA Wch 17th"]
[Site "Ruzomberok"]
[Date "2017.05.31"]
[Round "4"]
[White "Petrov, Maksim"]
[Black "Kuchyna, Stanislav"]
[Result "1/2-1/2"]
[WhiteElo "1654"]
[BlackElo "1871"]
[PlyCount "71"]
[EventDate "2017.05.28"]
[EventType "swiss"]
[EventRounds "9"]
[EventCountry "SVK"]
[SourceTitle "EXT 2018"]
[Source "ChessBase"]
[SourceDate "2017.10.13"]
[SourceVersion "1"]
[SourceVersionDate "2017.10.13"]
[SourceQuality "1"]

1. e4 e6 2. d4 d5 3. Nc3 Bb4 4. e5 c5 5. a3 Bxc3+ 6. bxc3 Ne7 7. h4 Bd7 8. h5 h6 9. Qg4 Qc7 10. Qd1 cxd4 11. cxd4 Qc3+ 12. Bd2 Qxd4 13. Nf3 Qc5 14. Bb4 Qc7 15. Qd2 Nbc6 16. Bd6 Qa5 17. c3 Nf5 18. Bb4 Nxb4 19. cxb4 Qb6 20. g4 Ne7 21. g5 Rc8 22. Rc1 Rxc1+ 23. Qxc1 Qc6 24. Qd2 Qb6 25. gxh6 gxh6 26. Nh2 Bb5 27. Ng4 Bxf1 28. Nf6+ Kd8 29. Rxf1 Nf5 30. Rg1 Qd4 31. Qxd4 Nxd4 32. Rg3 a6 33. Kd2 Ke7 34. Kd3 Nf5 35. Rf3 Ng7 36. Rg3 1/2-1/2

[Event "Chigorin Memorial 24th"]
[Site "St Petersburg"]
[Date "2016.10.20"]
[Round "6"]
[White "Petrov, Maksim"]
[Black "Sokolov, Ilia"]
[Result "0-1"]
[WhiteElo "1367"]
[BlackElo "1762"]
[PlyCount "128"]
[EventDate "2016.10.15"]
[EventType "swiss"]
[EventRounds "9"]
[EventCountry "RUS"]
[SourceTitle "CBM 175 Extra"]
[Source "ChessBase"]
[SourceDate "2016.12.12"]
[SourceVersion "1"]
[SourceVersionDate "2016.12.12"]
[SourceQuality "1"]

1. e4 e6 2. d4 d5 3. Nc3 Nf6 4. e5 Nfd7 5. Nce2 c5 6. c3 Nc6 7. Nf3 Qb6 8. a3 a5 9. Nf4 Qc7 10. h4 Be7 11. h5 Rb8 12. h6 g6 13. Bd3 b5 14. Qc2 Nf8 15. Nh3 b4 16. Qd2 bxc3 17. bxc3 cxd4 18. cxd4 Nb4 19. Bb1 Ba6 20. Bb2 Rc8 21. Kd1 Nc6 22. Bd3 Bxd3 23. Qxd3 Rb8 24. Rb1 Nd7 25. Ke2 0-0 26. Nf4 Rfc8 27. Rh3 a4 28. Rg3 Nf8 29. Ng5 Rb3 30. Bc3 Nxe5 31. dxe5 Rxc3 32. Qxc3 Qxc3 33. Rxc3 Rxc3 34. Nf3 Rxa3 35. Rb7 Bd8 36. Rb8 Bc7 37. Rc8 Rc3 38. Ra8 a3 39. Kd2 Rxf3 40. gxf3 Bxe5 41. Nd3 Bd6 42. f4 f6 43. Ke3 Kf7 44. Ne1 g5 45. fxg5 fxg5 46. Kd4 Kg6 47. Ra6 Be7 48. Ra7 Bf6+ 49. Kd3 Kxh6 50. Rxa3 Kg6 51. Nf3 Kf5 52. Nd4+ Bxd4 53. Kxd4 Ng6 54. Rf3+ Nf4 55. Re3 h5 56. f3 h4 57. Re5+ Kg6 58. Re1 h3 59. Rh1 Kh5 60. Ke5 Kh4 61. Kf6 d4 62. Ke5 Kg3 63. Rd1 d3 64. Ke4 h2 0-1